Paris Saint Germain - Quiz - Statistiques

Statistiques générales
  • Ce quiz a été pris 418 fois
  • Le résultat moyen est 11 sur 19
Statistiques - réponses
Hint Réponse % Correct
Nom du Stade Parc des Princes
98%
Meilleur Buteur Edinson Cavani
96%
3 Edinson Cavani
96%
2 Kylian Mbappé
96%
1 Neymar
95%
Nombre de titre Champion de France 8
84%
Année de Création 1904 / 1970
81%
Entraineur Actuel Thomas Tuchel
79%
Président Actuel Nasser al-Khelaïfi
54%
4 Angel Di Maria
52%
Slogan Ici c'est Paris
51%
5 Blaise Matuidi
31%
5 David Luiz
31%
2 David Luiz
31%
3 Ronaldinho
31%
1 Gonçalo Guedes
27%
4 Lucas Moura
23%
Joueur le plus capé Jean-Marc Pilorget
18%
5 Serge Aurier
16%
Aucun quiz correspondant
Distribution des résultats
% des personnes avec chaque résultat
Percentile par nombre de réponses
Votre historique - résultats
Vous n’avez pas pris ce quiz